Dân số - định cư môi trường
DL015
Guardado en:
| Autor principal: | |
|---|---|
| Formato: | Libro |
| Lenguaje: | Undetermined |
| Publicado: |
H.
Đại học quốc gia Hà Nội
2007
|
| Materias: | |
| Acceso en línea: | http://lrc.tdmu.edu.vn/opac/search/detail.asp?aID=2&ID=3403 |
| Etiquetas: |
Agregar Etiqueta
Sin Etiquetas, Sea el primero en etiquetar este registro!
|
| Thư viện lưu trữ: | Trung tâm Học liệu Trường Đại học Thủ Dầu Một |
|---|
| LEADER | 00727nam a2200205Ia 4500 | ||
|---|---|---|---|
| 001 | TDMU_3403 | ||
| 008 | 210410s9999 xx 000 0 und d | ||
| 082 | |a 304.6 | ||
| 090 | |b NG527 | ||
| 100 | |a Nguyễn, Đình Hòe | ||
| 245 | 0 | |a Dân số - định cư môi trường | |
| 245 | 0 | |c Nguyễn Đình Hòe | |
| 260 | |a H. | ||
| 260 | |b Đại học quốc gia Hà Nội | ||
| 260 | |c 2007 | ||
| 300 | |a 208tr. | ||
| 520 | |a DL015 |d Dân số học | ||
| 650 | |a Dân số (Vấn đề xã hội); Chính sách môi trường |x Dân số | ||
| 856 | |u http://lrc.tdmu.edu.vn/opac/search/detail.asp?aID=2&ID=3403 | ||
| 980 | |a Trung tâm Học liệu Trường Đại học Thủ Dầu Một | ||